| 000 | 00820pam a2200277 i 4500 | ||
|---|---|---|---|
| 001 | 4172420 | ||
| 003 | BD-DhUL | ||
| 005 | 20141030130839.0 | ||
| 008 | 790807s1980 caua b 000 0 eng | ||
| 010 | _a 79019693 | ||
| 020 | _a0822484684 | ||
| 020 | _a0273084682 | ||
| 040 |
_aDLC _cDLC _dDLC |
||
| 050 | 0 | 0 |
_aQD911 _b.S35 |
| 082 | 0 | 0 | _a548/.7 |
| 100 | 1 | _aSchwarzenberger, R. L. E. | |
| 245 | 1 | 0 |
_aN-dimensional crystallography / _cR. L. E. Schwarzenberger. |
| 260 |
_aSan Francisco : _bPitman Advanced Pub. Program, _cc1980. |
||
| 300 |
_a139 p. : _bill. ; _c25 cm. |
||
| 365 |
_aBDT _b474.35 |
||
| 490 |
_aResearch notes in mathematics ; _v41 |
||
| 504 | _aBibliography: p. 136-139. | ||
| 650 | 0 | _aCrystallography, Mathematical. | |
| 906 |
_a7 _bcbc _corignew _d1 _eocip _f19 _gy-gencatlg |
||
| 942 |
_2ddc _cBK |
||
| 999 |
_c17395 _d17395 |
||